Foreign Direct Investment [fdi] In India Since 1991 (Record no. 95251)

MARC details
000 -LEADER
fixed length control field 00532nam a2200205Ia 4500
008 - FIXED-LENGTH DATA ELEMENTS--GENERAL INFORMATION
fixed length control field 230125s9999 xx 000 0 und d
020 ## - INTERNATIONAL STANDARD BOOK NUMBER
International Standard Book Number 978-81-7708-455-9
041 ## - LANGUAGE CODE
Language code of text/sound track or separate title eng
082 ## - DEWEY DECIMAL CLASSIFICATION NUMBER
Item number BHA
100 ## - MAIN ENTRY--PERSONAL NAME
Personal name Bhasin N
9 (RLIN) 109574
245 ## - TITLE STATEMENT
Title Foreign Direct Investment [fdi] In India Since 1991
250 ## - EDITION STATEMENT
Edition statement 1st Ed.
260 ## - PUBLICATION, DISTRIBUTION, ETC. (IMPRINT)
Date of publication, distribution, etc. 2017
Name of publisher, distributor, etc. New Century Publications.
Place of publication, distribution, etc. New Delhi
300 ## - PHYSICAL DESCRIPTION
Extent 214p
Dimensions Hard Bound
440 ## - SERIES STATEMENT/ADDED ENTRY--TITLE
Volume/sequential designation 2
650 ## - SUBJECT ADDED ENTRY--TOPICAL TERM
Topical term or geographic name as entry element NULL
9 (RLIN) 117449
700 ## - ADDED ENTRY--PERSONAL NAME
Personal name Bhasin N
9 (RLIN) 109574
906 ## - LOCAL DATA ELEMENT F, LDF (RLIN)
b 27
Holdings
Withdrawn status Lost status Source of classification or shelving scheme Damaged status Not for loan Home library Current library Date acquired Vendor Cost, normal purchase price Bill number Full call number Barcode Date last seen Cost, replacement price Bill Date Koha item type Original Barcode
    Dewey Decimal Classification     Smt. Hiraben Nanavati Institute of Management & Research for Women Smt. Hiraben Nanavati Institute of Management & Research for Women 13/02/2019 Pritam Book Centre 890.00 10759 658.1599 BHA B18302 HIMR-BK-18302 25/01/2023 863.00 12/02/2019 Books B18302
    Dewey Decimal Classification     Smt. Hiraben Nanavati Institute of Management & Research for Women Smt. Hiraben Nanavati Institute of Management & Research for Women 13/02/2019 Pritam Book Centre 890.00 10759 658.1599 BHA B18303 HIMR-BK-18303 25/01/2023 863.00 12/02/2019 Books B18303